| 000 | 00000nam##2200000za#4500 |
| 001 | 9.532850 |
| 003 | CaOODSP |
| 005 | 20210615083115 |
| 007 | ta |
| 008 | 150406|1998||||xxc||||| f|0| 0 eng|d |
| 020 | |a0-662-64560-X |
| 040 | |aCaOODSP|beng |
| 041 | |aeng |
| 041 | |afre |
| 043 | |an-cn--- |
| 086 | 1 |aC21-27/2-1998-3 |
| 110 | 1 |aCanada. |bIndustry Canada. |
| 245 | 14|aThe implications of technological change for human resources policy / |cby Julian R. Betts. |
| 260 | |aOttawa - Ontario : |bIndustry Canada |c1998. |
| 300 | |aEnglish text, 62p. : |bfigs., references ; |c23 cm. |
| 490 | 1 |aCanada in the XXIst century. II, Resources and technology|vNo. 7 |
| 546 | |aBilingual |
| 563 | |aSoftcover |
| 590 | |a99-43|b1999-10-29 |
| 690 | 07|aTechnological innovation|2gcpds |
| 690 | 07|aLabour market|2gcpds |
| 690 | 07|aTraining|2gcpds |
| 720 | 1 |aBetts, Julian R. |
| 776 | 0#|tThe implications of technological change for human resource policy / |w(CaOODSP)9.571953 |
| 776 | 0#|tLes conséquences du changement technologique pour les politiques de main-d'oeuvre / |w(CaOODSP)9.602373 |
| 792 | |tLes conséquences du changement technologique pour les politiques de main-d'oeuvre / |efre|w(CaOODSP)9.532851 |
| 830 | #0|aCanada in the XXIst century. II, Resources and technology ;|vNo. 7|w(CaOODSP)9.509060 |